[Event "ISL-chT2 2122"]
[Site "Reykjavik"]
[Date "2022.03.06"]
[Round "7.2"]
[White "Andrason, Pall Snaedal"]
[Black "Ragnarsson, Johann Hjortur"]
[Result "1-0"]
[WhiteElo "1902"]
[BlackElo "1919"]
[PlyCount "113"]
[EventDate "2021.10.01"]
[EventType "team-tourn"]
[EventRounds "7"]
[EventCountry "ISL"]
[SourceTitle "EXT 2024"]
[Source "ChessBase"]
[SourceDate "2023.10.10"]
[SourceVersion "1"]
[SourceVersionDate "2023.10.10"]
[SourceQuality "1"]
[WhiteTeam "Vestmannaeyja"]
[BlackTeam "Gardabaer II"]
[WhiteTeamCountry "ISL"]
[BlackTeamCountry "ISL"]

1. d4 d5 2. Nf3 Nf6 3. Bf4 c5 4. e3 Nc6 5. c3 Qb6 6. Qb3 c4 7. Qxb6 axb6 8. Nbd2 Bf5 9. Nh4 e6 10. Be2 b5 11. 0-0 b4 12. Nxf5 exf5 13. Bf3 Kd7 14. Bg5 Ne4 15. Nxe4 fxe4 16. Bg4+ Kc7 17. f3 h5 18. Bh3 bxc3 19. bxc3 exf3 20. gxf3 Ra3 21. Rfc1 f6 22. Bh4 Bd6 23. Be1 Rha8 24. Rc2 b5 25. Be6 b4 26. cxb4 Bxb4 27. Bxd5 Bxe1 28. Rxe1 Kd6 29. Bxc6 Kxc6 30. Rxc4+ Kd6 31. Rc2 Rxa2 32. Ree2 Ra1+ 33. Kg2 Rd1 34. Kg3 Ra5 35. h4 Rg1+ 36. Rg2 Rh1 37. Rh2 Rd1 38. Rcg2 Re1 39. Kf4 Ra3 40. e4 Rf1 41. Rh3 Ra7 42. Kf5 Ra5+ 43. d5 Ra3 44. Rgg3 Rb3 45. Kg6 Rb7 46. Kxh5 Ke5 47. Rg4 Rd7 48. Rhg3 g5 49. hxg5 Rh1+ 50. Kg6 Rdh7 51. f4+ Kxe4 52. Kxf6 Ra7 53. f5+ Kxd5 54. Rd3+ Kc5 55. g6 Rh8 56. g7 Rg8 57. Rh3 1-0

[Event "ISL-chT2 1921"]
[Site "Reykjavik"]
[Date "2019.10.04"]
[Round "1.2"]
[White "Magnusson, Thorlakur"]
[Black "Andrason, Pall Snaedal"]
[Result "0-1"]
[WhiteElo "1828"]
[BlackElo "1860"]
[PlyCount "154"]
[EventDate "2019.10.04"]
[EventType "team-tourn"]
[EventRounds "7"]
[EventCountry "ISL"]
[SourceTitle "EXT 2024"]
[Source "ChessBase"]
[SourceDate "2023.10.10"]
[SourceVersion "1"]
[SourceVersionDate "2023.10.10"]
[SourceQuality "1"]
[WhiteTeam "Gardabaer II"]
[BlackTeam "Vestmannaeyja"]
[WhiteTeamCountry "ISL"]
[BlackTeamCountry "ISL"]

1. e4 c5 2. Nf3 d6 3. d4 cxd4 4. Nxd4 g6 5. Be3 Bg7 6. Nc3 Nf6 7. Qd2 Nc6 8. Be2 Bd7 9. Nb3 Rc8 10. Bh6 Bxh6 11. Qxh6 Nb4 12. Rc1 Qb6 13. a3 Nxc2+ 14. Rxc2 Qxb3 15. Bd1 Qc4 16. Be2 Qc5 17. Bd1 Ng8 18. Qc1 Qe5 19. 0-0 Nf6 20. Kh1 0-0 21. f4 Qa5 22. b4 Qb6 23. Bf3 Qc7 24. Rff2 Qb8 25. Qe3 Be6 26. h3 Rc7 27. g4 Rfc8 28. f5 Bb3 29. Rc1 b5 30. Rb2 Bc4 31. e5 dxe5 32. Qxe5 Bd5 33. Bxd5 Nxd5 34. Rbc2 Qb7 35. Qe4 Nxc3 36. Qxb7 Rxb7 37. Rxc3 Rxc3 38. Rxc3 gxf5 39. gxf5 Kg7 40. Rc5 Kf6 41. Kg2 e5 42. fxe6 fxe6 43. Kf3 Rb6 44. Rc7 Ra6 45. Rc3 Rd6 46. Ke4 e5 47. Rc5 Rd4+ 48. Ke3 Rh4 49. Rc6+ Kf5 50. Ra6 Rxh3+ 51. Ke2 Ke4 52. Rxa7 Rh2+ 53. Ke1 Ke3 54. Kf1 Kd4 55. Rd7+ Kc4 56. Rc7+ Kb3 57. Rc5 Ka4 58. Rxe5 h5 59. Re3 Ra2 60. Rh3 Rxa3 61. Rxh5 Kxb4 62. Ke1 Rc3 63. Kd2 Rc6 64. Rh8 Kb3 65. Rh3+ Kb2 66. Rh4 Rc4 67. Rh8 b4 68. Rb8 b3 69. Ra8 Rc2+ 70. Kd1 Rc4 71. Kd2 Rd4+ 72. Ke3 Rd7 73. Ke2 Kb1 74. Ke1 b2 75. Ke2 Rd6 76. Ke1 Rd3 77. Ke2 Kc2 0-1

[Event "Reykjavik op"]
[Site "Reykjavik"]
[Date "2018.03.07"]
[Round "2"]
[White "Andrason, Pall Snaedal"]
[Black "Jacobsen, Mikkel Manosri"]
[Result "0-1"]
[WhiteElo "1858"]
[BlackElo "2161"]
[PlyCount "62"]
[EventDate "2018.03.06"]
[EventType "swiss"]
[EventRounds "9"]
[EventCountry "ISL"]
[SourceTitle "CBM 183 Extra"]
[Source "ChessBase"]
[SourceDate "2018.04.19"]
[SourceVersion "1"]
[SourceVersionDate "2018.04.19"]
[SourceQuality "1"]

1. d4 c5 2. dxc5 e6 3. Nf3 Bxc5 4. e3 Nf6 5. Bd3 b6 6. 0-0 Bb7 7. b3 Be7 8. Bb2 0-0 9. c4 d6 10. Nbd2 Nbd7 11. Qe2 Rc8 12. Rac1 Rc5 13. Rfd1 Qb8 14. Nf1 Ne4 15. Ba3 Rcc8 16. Ng3 f5 17. Nd4 Rf6 18. f3 Ng5 19. Qb2 Bf8 20. h4 Nf7 21. Nxe6 Rxe6 22. Bxf5 Re7 23. Qb1 g6 24. Bxg6 hxg6 25. Qxg6+ Kh8 26. Nf5 Nfe5 27. Bb2 Bxf3 28. gxf3 Rg7 29. Qxg7+ Bxg7 30. Nxg7 Rg8 31. f4 Rxg7+ 0-1

[Event "Reykjavik op"]
[Site "Reykjavik"]
[Date "2018.03.06"]
[Round "1"]
[White "Sigurvaldason, Hjalmar"]
[Black "Andrason, Pall Snaedal"]
[Result "0-1"]
[WhiteElo "1499"]
[BlackElo "1858"]
[PlyCount "120"]
[EventDate "2018.03.06"]
[EventType "swiss"]
[EventRounds "9"]
[EventCountry "ISL"]
[SourceTitle "CBM 183 Extra"]
[Source "ChessBase"]
[SourceDate "2018.04.19"]
[SourceVersion "1"]
[SourceVersionDate "2018.04.19"]
[SourceQuality "1"]

1. e4 c5 2. Nf3 d6 3. c3 g6 4. d4 cxd4 5. Nxd4 a6 6. Be3 Bg7 7. Bc4 Nf6 8. Nd2 Bd7 9. Qb3 Nc6 10. Nxc6 Bxc6 11. Bxf7+ Kf8 12. Bd5 Nxd5 13. exd5 Bd7 14. 0-0 b5 15. Nf3 Qc8 16. Bd4 Bf6 17. Ng5 Bf5 18. Ne6+ Kf7 19. Bxf6 exf6 20. Nd4 Bd3 21. Rfe1 Bc4 22. Qd1 Qc5 23. Ne6 Qxd5 24. Qxd5 Bxd5 25. Nc7 Bc6 26. Nxa8 Rxa8 27. Rad1 Rd8 28. Rd4 d5 29. b3 Rb8 30. c4 bxc4 31. bxc4 Rb4 32. cxd5 Rxd4 33. dxc6 Rc4 34. g3 Rxc6 35. Rb1 Ke6 36. h3 h5 37. h4 Kd5 38. Rb4 Kc5 39. Rb3 Rb6 40. Re3 a5 41. Rf3 f5 42. Re3 a4 43. a3 Kd5 44. Kf1 Rb3 45. Ke2 Rb2+ 46. Kf3 Rb3 47. Ke2 Kc4 48. Kd2 Rb2+ 49. Ke1 Kd5 50. f4 Kc4 51. Re6 Rb3 52. Rxg6 Rxa3 53. Rg5 Rb3 54. Rxf5 Rxg3 55. Rxh5 a3 56. Ra5 Kb4 57. Ra8 Rf3 58. Rb8+ Kc3 59. Rc8+ Kb2 60. Rb8+ Rb3 0-1

[Event "Gardabaer-ch"]
[Site "Gardabaer"]
[Date "2017.11.06"]
[Round "5"]
[White "Andrason, Pall Snaedal"]
[Black "Birkisson, Bjorn Holm"]
[Result "1/2-1/2"]
[WhiteElo "1805"]
[BlackElo "2023"]
[PlyCount "59"]
[EventDate "2017.10.13"]
[EventType "swiss"]
[EventRounds "7"]
[EventCountry "ISL"]
[SourceTitle "CBM 181 Extra"]
[Source "ChessBase"]
[SourceDate "2017.12.12"]
[SourceVersion "1"]
[SourceVersionDate "2017.12.12"]
[SourceQuality "1"]

1. d4 Nf6 2. Nf3 d5 3. g3 e6 4. Bg2 Be7 5. 0-0 0-0 6. Ne5 c5 7. c3 Nc6 8. Nxc6 bxc6 9. Qa4 Qb6 10. e3 Ba6 11. Re1 Bd3 12. Bf1 Bxf1 13. Rxf1 Nd7 14. Qc2 e5 15. Qf5 Qc7 16. Nd2 g6 17. Qd3 e4 18. Qe2 f5 19. b3 Rf7 20. Bb2 h5 21. c4 h4 22. cxd5 hxg3 23. fxg3 cxd5 24. Rac1 Bf6 25. g4 Bg7 26. gxf5 gxf5 27. Qg2 f4 28. exf4 Rxf4 29. dxc5 Rxf1+ 30. Nxf1 1/2-1/2

[Event "Reykjavik TR U2000 op"]
[Site "Reykjavik"]
[Date "2017.10.18"]
[Round "2"]
[White "Andrason, Pall Snaedal"]
[Black "Sigurdarson, Sveinn"]
[Result "1-0"]
[WhiteElo "1805"]
[BlackElo "1262"]
[PlyCount "49"]
[EventDate "2017.10.11"]
[EventType "swiss"]
[EventRounds "7"]
[EventCountry "ISL"]
[SourceTitle "CBM 181 Extra"]
[Source "ChessBase"]
[SourceDate "2017.12.12"]
[SourceVersion "1"]
[SourceVersionDate "2017.12.12"]
[SourceQuality "1"]

1. d4 Nf6 2. Bg5 e6 3. e3 h6 4. Bh4 d5 5. Bd3 c5 6. c3 Nbd7 7. f4 Be7 8. Nd2 0-0 9. Ngf3 Ne8 10. Bxe7 Qxe7 11. 0-0 b6 12. Ne5 Nxe5 13. fxe5 g6 14. Qg4 Ng7 15. Rf6 Nf5 16. Qh3 Kg7 17. g4 Nxd4 18. exd4 cxd4 19. cxd4 Qb4 20. Nb3 a5 21. Raf1 Bd7 22. Qf3 Be8 23. a3 Qxb3 24. Rxg6+ Kh8 25. Qf6+ 1-0

[Event "Gardabaer-ch"]
[Site "Gardabaer"]
[Date "2017.10.16"]
[Round "2"]
[White "Karcher, Patrick"]
[Black "Andrason, Pall Snaedal"]
[Result "1-0"]
[WhiteElo "2113"]
[BlackElo "1805"]
[PlyCount "123"]
[EventDate "2017.10.13"]
[EventType "swiss"]
[EventRounds "7"]
[EventCountry "ISL"]
[SourceTitle "CBM 181 Extra"]
[Source "ChessBase"]
[SourceDate "2017.12.12"]
[SourceVersion "1"]
[SourceVersionDate "2017.12.12"]
[SourceQuality "1"]

1. d4 e6 2. Nf3 d5 3. Bf4 Bd6 4. Bg3 c6 5. e3 f5 6. Bd3 Nf6 7. Nbd2 Qc7 8. 0-0 Nbd7 9. Ng5 Nf8 10. Bxd6 Qxd6 11. f4 Ng6 12. c4 Ne4 13. c5 Qc7 14. Bxe4 dxe4 15. Nc4 Qe7 16. Qh5 Kd7 17. Nxh7 Qh4 18. Ne5+ Kc7 19. Qxh4 Nxh4 20. Ng5 Bd7 21. g3 Nf3+ 22. Nexf3 exf3 23. Rxf3 b5 24. Kg2 a5 25. h3 Rag8 26. Nf7 Rh7 27. g4 fxg4 28. hxg4 g6 29. Ng5 Rh4 30. Rh1 Rgh8 31. Rxh4 Rxh4 32. Rg3 b4 33. Nf3 Rh7 34. Ne5 Be8 35. Rh3 Rg7 36. Rh8 Bd7 37. Ra8 Bc8 38. Rxa5 Rg8 39. Ra7+ Bb7 40. Ra4 g5 41. Rxb4 Ba6 42. Rb6 Bb7 43. Kg3 gxf4+ 44. exf4 Ra8 45. a3 Ra4 46. Rb4 Ra8 47. g5 Ba6 48. g6 Rg8 49. Kg4 Be2+ 50. Kg5 Bh5 51. Kxh5 Rh8+ 52. Kg5 Rh1 53. Rb6 Rh8 54. Rxc6+ Kb8 55. g7 Rg8 56. Kf6 Kb7 57. Rd6 Ka7 58. Kf7 Rb8 59. g8Q Rc8 60. Ra6+ Kb7 61. Rb6+ Ka7 62. Nc6+ 1-0

[Event "Gardabaer-ch"]
[Site "Gardabaer"]
[Date "2017.10.13"]
[Round "1"]
[White "Andrason, Pall Snaedal"]
[Black "Heimisson, Hilmir Freyr"]
[Result "1-0"]
[WhiteElo "1805"]
[BlackElo "2185"]
[PlyCount "143"]
[EventDate "2017.10.13"]
[EventType "swiss"]
[EventRounds "7"]
[EventCountry "ISL"]
[SourceTitle "CBM 181 Extra"]
[Source "ChessBase"]
[SourceDate "2017.12.12"]
[SourceVersion "1"]
[SourceVersionDate "2017.12.12"]
[SourceQuality "1"]

1. d4 Nf6 2. Bg5 c5 3. Bxf6 gxf6 4. dxc5 Na6 5. Nf3 Nxc5 6. Nbd2 b6 7. g3 Bb7 8. Bg2 Bg7 9. Nb3 Nxb3 10. axb3 f5 11. c3 Qc7 12. Nh4 Bf6 13. Bxb7 Qxb7 14. Nf3 e6 15. Qd3 Rc8 16. Qa6 Rc7 17. Qxb7 Rxb7 18. Ra6 Ke7 19. 0-0 Rc8 20. Nd2 d5 21. e3 Rcc7 22. Rd1 Rc5 23. b4 Rcc7 24. Nb3 Rc4 25. Rda1 Rcc7 26. Rd1 Be5 27. Kf1 Kf8 28. Ke2 Kg7 29. f4 Bf6 30. Kf3 h5 31. h3 Kf8 32. Rd2 Rc4 33. Rd1 Ke8 34. Nd2 Rcc7 35. g4 hxg4+ 36. hxg4 fxg4+ 37. Kxg4 Bg7 38. Nb1 f5+ 39. Kf3 Bf6 40. Na3 Rh7 41. Rg1 e5 42. fxe5 Bxe5 43. Rg8+ Kf7 44. Rd8 Ke6 45. Re8+ Kf6 46. Rf8+ Kg5 47. Rg8+ Rhg7 48. Rxg7+ Rxg7 49. Nb5 Bb8 50. Nd4 Rh7 51. Nc6 Bd6 52. Rxa7 Rh3+ 53. Ke2 Rh2+ 54. Kd3 Kf6 55. Nd4 Rxb2 56. Rb7 Bg3 57. Rxb6+ Kf7 58. Rb5 f4 59. exf4 Bxf4 60. Rxd5 Ke7 61. b5 Bc7 62. c4 Rb1 63. Kc2 Rh1 64. c5 Rh8 65. b6 Bb8 66. c6 Rc8 67. Rd7+ Ke8 68. Rh7 Be5 69. c7 Bd6 70. Kb3 Bxc7 71. bxc7 Rb8+ 72. cxb8Q# 1-0

[Event "Reykjavik Taflfelag op"]
[Site "Reykjavik"]
[Date "2017.09.06"]
[Round "1"]
[White "Andrason, Pall Snaedal"]
[Black "Ragnarsson, Rikhard Skorri"]
[Result "1-0"]
[WhiteElo "1800"]
[BlackElo "1067"]
[PlyCount "67"]
[EventDate "2017.09.06"]
[EventType "swiss"]
[EventRounds "9"]
[EventCountry "ISL"]
[SourceTitle "CBM 180 Extra"]
[Source "ChessBase"]
[SourceDate "2017.10.06"]
[SourceVersion "1"]
[SourceVersionDate "2017.10.06"]
[SourceQuality "1"]

1. d4 d5 2. e3 e6 3. Bd3 Nc6 4. f4 Nf6 5. Nf3 Bd6 6. c3 Qe7 7. Nbd2 Bd7 8. 0-0 0-0-0 9. b4 Ng4 10. Qe2 a6 11. Ne5 Bxe5 12. fxe5 Qh4 13. h3 Nh6 14. a4 Kb8 15. Rf4 Qe7 16. Ba3 Qe8 17. b5 axb5 18. axb5 Na7 19. Rb1 b6 20. c4 dxc4 21. Bxc4 g5 22. Rff1 Nf5 23. Ne4 Rg8 24. Nf6 Ng3 25. Qc2 Qf8 26. Nxd7+ Rxd7 27. Bxf8 Nxf1 28. Rxf1 Rxf8 29. Bxe6 Re7 30. Bd5 Nxb5 31. Qc6 Kc8 32. Qa8+ Kd7 33. Bc6+ Ke6 34. Rf6# 1-0

[Event "ISL-chT2 1617"]
[Site "Reykjavik"]
[Date "2016.09.30"]
[Round "1.3"]
[White "Andrason, Pall Snaedal"]
[Black "Eliasson, Kristjan Orn"]
[Result "1/2-1/2"]
[WhiteElo "1800"]
[BlackElo "1870"]
[PlyCount "175"]
[EventDate "2016.09.30"]
[EventType "team-tourn"]
[EventRounds "7"]
[EventCountry "ISL"]
[SourceTitle "EXT 2018"]
[Source "ChessBase"]
[SourceDate "2017.10.13"]
[SourceVersion "1"]
[SourceVersionDate "2017.10.13"]
[SourceQuality "1"]
[WhiteTeam "Gardabaer"]
[BlackTeam "Island"]
[WhiteTeamCountry "ISL"]
[BlackTeamCountry "ISL"]

1. d4 g6 2. Nf3 Bg7 3. e3 d6 4. Bd3 Nf6 5. c3 c6 6. Qc2 Nbd7 7. Nbd2 d5 8. h4 Nf8 9. b3 Qc7 10. Ba3 h5 11. c4 Bg4 12. Ne5 Be6 13. Rc1 N8d7 14. Nxd7 Qxd7 15. Nf3 0-0 16. Ne5 Qd8 17. 0-0 Ng4 18. cxd5 Bxd5 19. Nxg4 hxg4 20. Be4 Re8 21. Bxd5 Qxd5 22. Qc5 e6 23. Qxd5 exd5 24. Bd6 Re6 25. Bf4 Rae8 26. g3 Re4 27. Kg2 f6 28. Rc2 Bf8 29. a4 a5 30. Bc7 Bb4 31. Bb6 Ra8 32. Bc5 Bxc5 33. Rxc5 Re6 34. Rb1 Kf7 35. b4 axb4 36. Rxb4 Re7 37. Rc2 Ke6 38. Rcb2 Ra7 39. Rb6 Kd6 40. R2b4 Kc7 41. Kf1 Kc8 42. Ke2 Rc7 43. Kd3 Ra5 44. Ke2 Kb8 45. f3 gxf3+ 46. Kxf3 Ka7 47. Kf4 Ra6 48. Rxa6+ Kxa6 49. Rb1 Ka5 50. Ra1 Re7 51. g4 Re4+ 52. Kf3 b6 53. Rc1 Re6 54. Rb1 b5 55. axb5 cxb5 56. h5 g5 57. h6 b4 58. h7 Re8 59. Rh1 Rh8 60. e4 b3 61. exd5 Kb4 62. Ke4 Kc3 63. d6 b2 64. Rh3+ Kc4 65. Rh1 Rxh7 66. Rb1 Kc3 67. Kf5 Kc2 68. Re1 b1Q 69. Rxb1 Kxb1 70. Kxf6 Kc2 71. Kxg5 Rd7 72. Kf5 Rxd6 73. Ke5 Rg6 74. Kf5 Rg8 75. d5 Kd3 76. d6 Kd4 77. Ke6 Kc5 78. d7 Kc6 79. g5 Kc7 80. Ke7 Rg7+ 81. Kf6 Rxd7 82. g6 Rd6+ 83. Kf7 Rd1 84. g7 Kd7 85. g8Q Rf1+ 86. Kg7 Rg1+ 87. Kh8 Rxg8+ 88. Kxg8 1/2-1/2

[Event "Gardabaer op"]
[Site "Gardabaer"]
[Date "2015.11.05"]
[Round "3"]
[White "Schioth, Tjorvi"]
[Black "Andrason, Pall Snaedal"]
[Result "1-0"]
[WhiteElo "1729"]
[BlackElo "1813"]
[PlyCount "117"]
[EventDate "2015.10.26"]
[EventType "swiss"]
[EventRounds "7"]
[EventCountry "ISL"]
[SourceTitle "EXT 2017"]
[Source "ChessBase"]
[SourceDate "2016.10.25"]
[SourceVersion "1"]
[SourceVersionDate "2016.10.25"]
[SourceQuality "1"]

1. e4 c5 2. Nc3 g6 3. Nf3 Bg7 4. d4 cxd4 5. Nxd4 Nc6 6. Be3 a6 7. Nd5 Rb8 8. Nf5 b5 9. Nxg7+ Kf8 10. Nh5 gxh5 11. Qxh5 h6 12. Bd3 e6 13. Bf4 exd5 14. Bd6+ Nce7 15. Bxb8 Qb6 16. Qe5 dxe4 17. Bxe4 f6 18. Qf4 d5 19. Bd3 Qe6+ 20. Kd2 Qg4 21. Qxg4 Bxg4 22. Bd6 Kf7 23. f3 Be6 24. Rae1 f5 25. Re2 Nc6 26. c3 Nf6 27. Rhe1 Re8 28. Bf4 d4 29. a3 dxc3+ 30. bxc3 Nd5 31. Bxh6 Nc7 32. Bf4 Nd5 33. Bd6 Na5 34. Bb4 Nc4+ 35. Bxc4 bxc4 36. g3 f4 37. Bc5 Rc8 38. Rxe6 Rxc5 39. R6e5 Ra5 40. Rf5+ Kg6 41. Ree5 Rxa3 42. Rxd5 Ra2+ 43. Kc1 Rxh2 44. Rxf4 Rf2 45. Rd2 Rf1+ 46. Kb2 a5 47. Rxc4 Rxf3 48. g4 Rg3 49. Ka3 Kf6 50. Ka4 Ke7 51. Re4+ Kf6 52. Rf2+ Kg7 53. c4 Rg1 54. Kxa5 Rd1 55. g5 Rd7 56. g6 Rd6 57. Rg4 Rd1 58. Rf7+ Kh6 59. Rh7# 1-0

[Event "ISL-chT2 1516"]
[Site "Reykjavik"]
[Date "2015.09.25"]
[Round "1.3"]
[White "Halldorsson, Kristjan"]
[Black "Andrason, Pall Snaedal"]
[Result "0-1"]
[WhiteElo "1883"]
[BlackElo "1799"]
[PlyCount "74"]
[EventDate "2015.09.25"]
[EventType "team-tourn"]
[EventRounds "7"]
[EventCountry "ISL"]
[SourceTitle "EXT 2017"]
[Source "ChessBase"]
[SourceDate "2016.10.25"]
[SourceVersion "1"]
[SourceVersionDate "2016.10.25"]
[SourceQuality "1"]
[WhiteTeam "Huginn III"]
[BlackTeam "Gardabaer"]
[WhiteTeamCountry "ISL"]
[BlackTeamCountry "ISL"]

1. d4 e6 2. c4 d5 3. Nf3 c6 4. e3 Bd6 5. Nc3 f5 6. Bd3 Nf6 7. Qc2 Ne4 8. 0-0 0-0 9. Ne2 Nd7 10. a3 Rf6 11. Ng3 Rh6 12. Re1 g5 13. Bxe4 fxe4 14. Nd2 g4 15. Ndf1 b6 16. cxd5 cxd5 17. Qc6 Bxg3 18. Qxa8 Bb8 19. Qc6 Ba6 20. g3 Bxf1 21. Rxf1 Qe8 22. Re1 Qf7 23. Qc2 Nf8 24. b3 Qh5 25. h4 gxh3 26. Qe2 Qg5 27. Ra2 Ng6 28. Rc2 Bd6 29. Qb5 Bxg3 30. Kh1 Bd6 31. Rg1 Qf6 32. Rc8+ Bf8 33. Qe8 Qf3+ 34. Kh2 Qxf2+ 35. Kh1 h2 36. Qxe6+ Kh8 37. Rxf8+ Qxf8 0-1

[Event "ISL-chT2 1415"]
[Site "Reykjavik"]
[Date "2015.03.21"]
[Round "6.1"]
[White "Helgason, Jon Thor"]
[Black "Andrason, Pall Snaedal"]
[Result "0-1"]
[WhiteElo "1681"]
[BlackElo "1786"]
[PlyCount "122"]
[EventDate "2014.10.03"]
[EventType "team-tourn"]
[EventRounds "7"]
[EventCountry "ISL"]
[SourceTitle "EXT 2016"]
[Source "ChessBase"]
[SourceDate "2015.10.08"]
[SourceVersion "1"]
[SourceVersionDate "2015.10.08"]
[SourceQuality "1"]
[WhiteTeam "Haukar"]
[BlackTeam "Gardabaer"]
[WhiteTeamCountry "ISL"]
[BlackTeamCountry "ISL"]

1. e4 c5 2. Nf3 d6 3. Bb5+ Bd7 4. Nc3 a6 5. Bxd7+ Qxd7 6. Nd5 Qd8 7. d4 cxd4 8. Nxd4 g6 9. c3 Bg7 10. Qb3 b5 11. Bg5 h6 12. Bh4 Bxd4 13. cxd4 Qa5+ 14. Qc3 Qxc3+ 15. bxc3 Ra7 16. a4 bxa4 17. Rxa4 e6 18. Nb4 a5 19. Kd2 f5 20. f3 Nd7 21. Rha1 Nb6 22. R4a2 a4 23. d5 fxe4 24. fxe4 exd5 25. exd5 Ra5 26. Bf2 Nxd5 27. Rxa4 Rxa4 28. Rxa4 Nxb4 29. Ra8+ Kf7 30. cxb4 Rh7 31. Ra7+ Ne7 32. Kd3 Rh8 33. b5 Ke6 34. Bg3 Rc8 35. Bf4 g5 36. Be3 Nd5 37. Ra3 Nb4+ 38. Ke4 Rd8 39. Rc3 Rb8 40. Rc7 Rxb5 41. Rh7 Re5+ 42. Kf3 g4+ 43. Kf2 h5 44. Rh6+ Kd5 45. Bf4 Nd3+ 46. Kg3 Nxf4 47. Kxf4 Re4+ 48. Kg3 Re5 49. h4 Rf5 50. Rg6 Ke5 51. Rg8 Ke4 52. Re8+ Re5 53. Rd8 d5 54. Kf2 Kd3 55. Ra8 Rf5+ 56. Ke1 d4 57. Ra3+ Ke4 58. Ke2 Rb5 59. Ra2 Rc5 60. Rb2 d3+ 61. Ke1 Ke3 0-1

[Event "ISL-chT2 1415"]
[Site "Reykjavik"]
[Date "2014.10.04"]
[Round "2"]
[White "Kristinardottir, Elsa Maria"]
[Black "Andrason, Pall Snaedal"]
[Result "1-0"]
[WhiteElo "1847"]
[BlackElo "1786"]
[PlyCount "75"]
[EventDate "2014.10.03"]
[EventType "team-tourn"]
[EventRounds "7"]
[EventCountry "ISL"]
[SourceTitle "EXT 2016"]
[Source "ChessBase"]
[SourceDate "2015.10.08"]
[SourceVersion "1"]
[SourceVersionDate "2015.10.08"]
[SourceQuality "1"]
[WhiteTeam "Huginn III"]
[BlackTeam "Gardabaer"]
[WhiteTeamCountry "ISL"]
[BlackTeamCountry "ISL"]

1. e4 c5 2. Nf3 d6 3. Bb5+ Bd7 4. Bxd7+ Qxd7 5. c3 g6 6. d4 cxd4 7. cxd4 Bg7 8. Nc3 Nc6 9. 0-0 Nf6 10. Re1 0-0 11. h3 a6 12. a4 Rac8 13. Be3 e6 14. a5 Qe7 15. Qd2 Nd7 16. Bh6 Rfd8 17. Bxg7 Kxg7 18. Nh2 Nf6 19. f4 e5 20. Nd5 Nxd5 21. exd5 Nb8 22. fxe5 dxe5 23. Rxe5 Qf8 24. Ng4 f5 25. Rf1 Kh8 26. Qg5 Nd7 27. Re7 Rb8 28. Nh6 Qf6 29. Nf7+ Kg8 30. Qxf6 Nxf6 31. Nxd8 Rxd8 32. Rxb7 Rxd5 33. Rc1 Nd7 34. Rcc7 Nf8 35. Rb8 Rd6 36. Rcc8 Rf6 37. d5 Kg7 38. Rb6 1-0

[Event "ISL-ch sf"]
[Site "Kopavogur"]
[Date "2014.05.26"]
[Round "4"]
[White "Andrason, Pall Snaedal"]
[Black "Edvardsson, Kristjan"]
[Result "1/2-1/2"]
[WhiteElo "1781"]
[BlackElo "2194"]
[PlyCount "153"]
[EventDate "2014.05.23"]
[EventType "swiss"]
[EventRounds "9"]
[EventCountry "ISL"]
[SourceTitle "CBM 160 Extra"]
[Source "ChessBase"]
[SourceDate "2014.07.01"]
[SourceVersion "1"]
[SourceVersionDate "2014.07.01"]
[SourceQuality "1"]

1. d4 d6 2. g3 g6 3. Bg2 Bg7 4. Nf3 Nf6 5. 0-0 0-0 6. Nbd2 Nbd7 7. Re1 c5 8. e4 cxd4 9. Nxd4 Qc7 10. c3 Nc5 11. N2b3 Bg4 12. Qc2 Rac8 13. Nxc5 dxc5 14. Ne2 Rfd8 15. f3 Bd7 16. Be3 c4 17. Rad1 e5 18. Rd2 Bb5 19. Rxd8+ Rxd8 20. Nc1 Nd7 21. Rd1 Bf8 22. b4 Qc6 23. Qf2 Ra8 24. Bh3 Nf6 25. Bg5 Ba4 26. Rd2 a5 27. a3 axb4 28. axb4 h6 29. Be3 Bb5 30. Ra2 Rd8 31. Rd2 Ra8 32. Ra2 Ba4 33. Bf1 b5 34. Be2 Kh7 35. Qe1 Rd8 36. Rd2 Re8 37. Bd1 Be7 38. Ne2 Ra8 39. Rb2 Bd8 40. Bxa4 Rxa4 41. Qd2 Bb6 42. Bxb6 Qxb6+ 43. Kg2 Ra1 44. Nc1 Kg7 45. Ra2 Rxa2 46. Nxa2 Qa7 47. Nc1 Qa1 48. Ne2 Qb1 49. Qc1 Qd3 50. Kf2 Nd7 51. Qe3 Qd1 52. Qc1 Qd3 53. Qe3 Qd1 54. Qc1 Qd6 55. Qe3 Nb6 56. f4 f6 57. Kg2 Na4 58. Qa7+ Kf8 59. Qa8+ Ke7 60. Qb7+ Qd7 61. Qxd7+ Kxd7 62. fxe5 fxe5 63. g4 Ke6 64. h4 Kf6 65. Kf3 Nb2 66. Kg3 Nd1 67. Kf3 Nb2 68. Nc1 Nd1 69. Ne2 Ke6 70. Kg3 Ne3 71. Kf3 Nd1 72. Kg3 Kf6 73. Kf3 h5 74. g5+ Ke6 75. Kg3 Ne3 76. Kf3 Nd1 77. Kg3 1/2-1/2

[Event "Reykjavik op"]
[Site "Reykjavik"]
[Date "2011.03.10"]
[Round "2.69"]
[White "Andrason, Pall Snaedal"]
[Black "Ragnarsson, Johann Hjortur"]
[Result "0-1"]
[WhiteElo "1683"]
[BlackElo "2089"]
[PlyCount "32"]
[EventDate "2011.03.09"]
[EventType "swiss"]
[EventRounds "9"]
[EventCountry "ISL"]
[SourceTitle "CBM 141 Extra"]
[Source "ChessBase"]
[SourceDate "2011.05.03"]
[SourceVersion "1"]
[SourceVersionDate "2011.05.03"]
[SourceQuality "1"]

1. d4 d5 2. Bf4 Nf6 3. e3 c5 4. c3 Nc6 5. Nf3 Bg4 6. Be2 e6 7. 0-0 Bd6 8. Bxd6 Qxd6 9. Nbd2 0-0 10. Nh4 Bxe2 11. Qxe2 cxd4 12. cxd4 Rac8 13. Rac1 Rc7 14. Nb3 Rfc8 15. Nc5 b6 16. Na6 Nxd4 0-1

[Event "Reykjavik op"]
[Site "Reykjavik"]
[Date "2011.03.09"]
[Round "1.67"]
[White "Mack, Wolfgang"]
[Black "Andrason, Pall Snaedal"]
[Result "1-0"]
[WhiteElo "2282"]
[BlackElo "1683"]
[PlyCount "95"]
[EventDate "2011.03.09"]
[EventType "swiss"]
[EventRounds "9"]
[EventCountry "ISL"]
[SourceTitle "CBM 141 Extra"]
[Source "ChessBase"]
[SourceDate "2011.05.03"]
[SourceVersion "1"]
[SourceVersionDate "2011.05.03"]
[SourceQuality "1"]

1. c4 Nf6 2. g3 g6 3. Bg2 Bg7 4. Nc3 0-0 5. e4 d6 6. Nge2 c5 7. d4 cxd4 8. Nxd4 Nc6 9. Nxc6 bxc6 10. e5 dxe5 11. Bxc6 Qxd1+ 12. Nxd1 Rb8 13. Be3 Bb7 14. Bxb7 Rxb7 15. b3 Nd7 16. Rc1 f5 17. Nc3 f4 18. Bd2 Nc5 19. 0-0 Rd8 20. Rfd1 Rbd7 21. Be1 Nd3 22. Rc2 fxg3 23. hxg3 Nb4 24. Rxd7 Rxd7 25. Rd2 Rxd2 26. Bxd2 e4 27. a4 Bxc3 28. Bxc3 Nc6 29. b4 Kf7 30. b5 Nb8 31. Bd4 a6 32. Ba7 axb5 33. cxb5 Nd7 34. a5 Ke6 35. a6 Kd6 36. Bb8+ Kc5 37. Bc7 Nb6 38. Bxb6+ Kxb6 39. g4 h6 40. Kg2 Ka7 41. Kg3 e5 42. Kg2 Kb6 43. Kf1 e3 44. f3 h5 45. gxh5 gxh5 46. Ke2 h4 47. Kxe3 h3 48. Kf2 1-0

[Event "Reykjavik op"]
[Site "Reykjavik"]
[Date "2010.03.02"]
[Round "8"]
[White "Andrason, Pall Snaedal"]
[Black "Palsson, Svanberg Mar"]
[Result "1/2-1/2"]
[WhiteElo "1587"]
[BlackElo "1769"]
[PlyCount "76"]
[EventDate "2010.02.24"]
[EventType "swiss"]
[EventRounds "9"]
[EventCountry "ISL"]
[SourceTitle "CBM 135 Extra"]
[Source "ChessBase"]
[SourceDate "2010.05.04"]
[SourceVersion "1"]
[SourceVersionDate "2010.05.04"]
[SourceQuality "1"]

1. a3 g6 2. d4 Bg7 3. e4 d6 4. Be3 Nf6 5. Nd2 Ng4 6. Ngf3 Nxe3 7. fxe3 0-0 8. Bd3 c5 9. c3 a6 10. 0-0 Nc6 11. b4 b5 12. Rc1 Bb7 13. d5 Ne5 14. Nxe5 Bxe5 15. Nf3 Bg7 16. c4 Bb2 17. Rb1 Bxa3 18. Ng5 bxc4 19. Bxc4 h6 20. bxc5 Bxc5 21. Nxf7 Rxf7 22. Rxf7 Kxf7 23. Qf3+ Ke8 24. Rxb7 Qc8 25. Rb1 Bxe3+ 26. Qxe3 Qxc4 27. Rc1 Qb4 28. Qxh6 Qxe4 29. Qh8+ Kd7 30. Qh3+ Qf5 31. Qb3 Ke8 32. Qa4+ Qd7 33. Qh4 Qf5 34. Qh8+ Qf8 35. Qc3 Rd8 36. Qc6+ Rd7 37. Rb1 Qf5 38. Rf1 Qd3 1/2-1/2